Inconstitucionalidad de la opción en el régimen de riesgos del trabajo (Registro nro. 18640)

Detalles MARC
000 -LEADER
fixed length control field 00346 a2200109 4500
001 - CONTROL NUMBER
control field ART_38961
005 - DATE AND TIME OF LATEST TRANSACTION
control field 20260410161740.0
008 - FIXED-LENGTH DATA ELEMENTS--GENERAL INFORMATION
fixed length control field 260409a
100 1# - MAIN ENTRY--PERSONAL NAME
Personal name Formaro, Juan J.
245 10 - TITLE STATEMENT
Title Inconstitucionalidad de la opción en el régimen de riesgos del trabajo
773 0# - HOST ITEM ENTRY
Title Doctrina laboral
Related parts - Nº 343 (mar. 2014)
Record control number REV4049

No hay ítems disponibles.